header

Health systems performance assessment (Record no. 147653)

MARC details
000 -LEADER
fixed length control field 01255nam a2200301Ia 4500
245 00 - TITLE STATEMENT
Title Health systems performance assessment
260 ## - PUBLICATION, DISTRIBUTION, ETC. (IMPRINT)
Place of publication Geneva :
Name of publisher World Health Organization,
Year of publication c2003.
300 ## - PHYSICAL DESCRIPTION
Number of Pages xxxii, 927 p. :
Other physical details ill.
650 #0 - SUBJECT ADDED ENTRY--TOPICAL TERM
Topical Term Medical care
Topical Term Outcome assessment (Medical care)
Topical Term Public health
700 1# - ADDED ENTRY--PERSONAL NAME
Personal name Murray, Christopher J. L.
Personal name Evans, David B.
856 40 - ELECTRONIC LOCATION AND ACCESS
Uniform Resource Identifier http://site.ebrary.com/lib/rucke/Doc?id=10190694

No items available.

© 2026 Rongo University
Contact us: librarian | system librarian | Rongo university